000 00520nam a2200181Ia 4500
003 GCL
008 140319s9999 xx 000 0 ara d
040 _aGCL /
_cGCL
082 0 4 _a813.083
_bح ر
100 1 _aحسن داوود
245 1 0 _aروض الحياة المحزون - رواية /
_cحسن داوود
260 _a[S.N] :
_bدار التنوير للطباعة والنشر ،
_c1985
300 _a196 ص
490 _a
650 0 4 _aالادب العربى
650 0 4 _aالقصص
942 _2ddc
_cBK
999 _c32719
_d32719